000 00693nam a22002057a 4500
005 20251108164649.0
008 250721s9999 xx 000 0 ara d
082 1 4 _a519/محم
100 1 _aالنعيمي، محمد عبد العال
245 1 0 _aتصميم و تحليل التجارب /
264 1 _aبغداد :
_bوزارة التعليم العالي و البحث العلمي،
_c[19-].
300 _a216ص
650 1 7 _aنظرية الإحتمالات
650 1 7 _aالإحصاء الرياضي
650 1 7 _aالأبحاث
700 1 _aالعاني، ماجده عبد الله
700 1 _aالحديثي، إبتسام تقي
942 _2ddc
_cBK
999 _c11262
_d11262